000 00630na a2200205 4500
001 18813
003 MIRAKIL
005 20181213155046.0
008 161128b tu 000 0
040 _aMilas
_btur
_cTR-AnCHP
041 _atur
082 _a574.5
_bİ95 [2004]
090 _a574.5 İ95 [2004]
245 _aİzmir'de su ve kanalizasyon
_b1999-2000-2001-2002-2003 ve sonrası
_cİzmir Büyükşehir Belediyesi
246 _a1999-2000-2001-2002-2003 ve sonrası
260 _a[İzmir]
_bİzmir Büyükşehir Belediyesi
_c[2004]
300 _a295 s.
_bres.
_c35 sm.
650 _aEkoloji
_zTürkiye
942 _2dcc
_cBKS
999 _c5767
_d5767